| 000 | 00528nam a2200157 4500 | ||
|---|---|---|---|
| 001 | 116062 | ||
| 003 | ES-MaACL | ||
| 005 | 20230906190626.0 | ||
| 007 | t| | ||
| 008 | 061121s1934 sp r ||||1| spa d | ||
| 100 | 1 |
_aParís, Angel D. _989132 |
|
| 245 | 1 | 0 |
_aAlgunas consideraciones acerca del método Finikoff como tratamiento básico de elección en las tuberculosis quirúrgicas / _cpor el Dr. A. D. París. |
| 260 |
_aValencia : _bLa Semana Gráfica, _c1934. |
||
| 300 |
_a16 p. ; _c23 cm. |
||
| 852 |
_aES-MaACL _j1793-F-24 |
||
| 999 |
_c116062 _d116062 |
||